Zahrada ve svahu /

Hlavní autor: Wirth, Peter
Jazyk: Čeština
Vydáno: Praha : Grada, 2009
Vydání: 1. vyd.
Témata:
Externí odkaz: Digitalizovaný dokument
Fyzický popis: 189 s. : il. (převážně barev.), plány ; 25 cm
Knihy
Uloženo v:
LEADER 01535cam a2200433 a 4500
001 nkc20091853502
003 CZ PrNK
005 20090603141133.0
007 ta
008 090316s2009 xr ae e f 001 0 cze d
015 |a cnb001853502 
020 |a 978-80-247-2750-9  |q (váz.) 
035 |a (OCoLC)320225186 
040 |a KLG001  |b cze  |d BOA001  |d ABA001 
041 1 |a cze  |h ger 
072 7 |a 712  |x Plánování krajiny. Parky. Zahrady  |2 Konspekt  |9 24 
080 |a 635.047  |2 MRF 
080 |a 712.3/.7  |2 MRF 
080 |a (035)  |2 MRF 
100 1 |a Wirth, Peter  |7 mzk2004246531  |4 aut 
245 1 0 |a Zahrada ve svahu /  |c Peter Wirth ; [přeložila Kateřina Fousová] 
250 |a 1. vyd. 
260 |a Praha :  |b Grada,  |c 2009 
300 |a 189 s. :  |b il. (převážně barev.), plány ;  |c 25 cm 
500 |a Přeloženo z němčiny 
504 |a Obsahuje bibliografii a rejstřík 
650 0 7 |a zakládání zahrad  |7 ph249433  |2 czenas 
650 0 7 |a zahradní architektura  |7 ph116723  |2 czenas 
650 0 9 |a laying out gardens  |2 eczenas 
650 0 9 |a garden architecture  |2 eczenas 
655 7 |a příručky  |7 fd133209  |2 czenas 
655 9 |a handbooks and manuals  |2 eczenas 
765 0 |t Gärten am Hang  |9 Česky 
856 4 1 |u http://www.digitalniknihovna.cz/mzk/uuid/uuid:98d9f910-bdcf-11e5-b5dc-005056827e51  |y Digitalizovaný dokument  |x NDK 
910 2 |a BOA001  |b 3-1220.638 
990 |a BK 
995 |a 01 
991 |b 200903  |c NOV 
996 6 |b 2610372538  |c 3-1220.638  |l MZK  |r Sklad / do 1 hodiny  |n 11  |p p.v.  |w 000934283  |u 000010  |a 1  |e BOA001  |j MZK50  |s P